000
00301 a2200157 4500
001
69024
020
_a
040
_c
Anchieta - Itaigara
100
_a
Brasileiro, Jonar
240
1
0
_a
Lua
_l
por
245
1
0
_a
Lua
300
_a
15
362
0
_a
2008
650
4
_a
Literatura infantil
942
_c
BK
999
_c
69024
_d
69024